header

Organized crime in the U.S. (Record no. 59411)

MARC details
000 -LEADER
fixed length control field 01693nam a2200373 a 4500
082 04 - DEWEY DECIMAL CLASSIFICATION NUMBER
Classification number 364.1060973
245 00 - TITLE STATEMENT
Title Organized crime in the U.S.
260 ## - PUBLICATION, DISTRIBUTION, ETC. (IMPRINT)
Place of publication New York :
Name of publisher Nova Science Publishers,
Year of publication 2010.
300 ## - PHYSICAL DESCRIPTION
Number of Pages xi, 105 p. :
Other physical details ill.
490 1# - SERIES STATEMENT
Series statement Criminal justice, law enforcement and corrections series
505 0# - FORMATTED CONTENTS NOTE
Formatted contents note Organized crime in the United States : trends and issues for Congress -- Impact on U.S. of Asian transnational crime -- African organized crime -- Asian organized crime -- Balkan organized crime -- Eurasian organized crime -- Italian organized crime -- Middle Eastern organized crime.
650 #0 - SUBJECT ADDED ENTRY--TOPICAL TERM
Topical Term Organized crime
Topical Term Alien criminals
700 1# - ADDED ENTRY--PERSONAL NAME
Personal name Knowles, Wesley B.
856 40 - ELECTRONIC LOCATION AND ACCESS
Uniform Resource Identifier http://site.ebrary.com/lib/rucke/Doc?id=10678015

No items available.

© 2026 Rongo University
Contact us: librarian | system librarian | Rongo university